All About Hugo - Statistics

General Stats
  • This quiz has been taken 44 times
  • The average score is 8 of 15
Answer Stats
Hint Answer % Correct
Fashion brand that used to make the Nazi German uniforms, particularly those of the SS Hugo Boss
79%
Country that once was led by Hugo Chávez Venezuela
79%
English version of the name "Hugo" Hugh
77%
The two most notable works of Victor Hugo Les Misérables
72%
Xenophobic organization that Hugo Black was a former member of before becoming a U.S. Supreme Court Justice Ku Klux Klan
59%
Literary genres that the Hugo Award celebrates each year (name either) Sci-Fi / Fantasy
51%
The two most notable works of Victor Hugo The Hunchback of Notre-Dame
49%
U.S. state that took the costliest damage from Hurricane Hugo in 1989 South Carolina
46%
"Happy" singer with whom Chad Hugo created the duo "The Neptunes" Pharrell Williams
44%
Goalkeeper who led France to the 2018 FIFA World Cup trophy Hugo Lloris
41%
Type of vehicle Hugo Junkers's company provided Nazi Germany with during the WWII Warplanes
41%
Actor who was V in "V for Vendetta" and Red Skull in "Captain America" Hugo Weaving
38%
Director of the 2011 movie "Hugo" Martin Scorsese
38%
Real Madrid footballer who is regarded as the greatest Mexican footballer of all time Hugo Sánchez
33%
Word that was coined by Hugo de Vries, which means when a permanent change in an organism takes place {Muta}tion
21%
No matching quizzes found
Score Distribution
Percent of People with Each Score
Percentile by Number Answered
Your Score History
You have not taken this quiz